|
|
|
|
| LEADER |
01032nam a2200289 a 4500 |
| 001 |
7044 |
| 003 |
BD-DhAAL |
| 005 |
20150601120947.0 |
| 008 |
150601s1994 nyua 000 0 eng |
| 010 |
|
|
|a 93233295
|
| 020 |
|
|
|a 0026623129 (student text)
|
| 020 |
|
|
|a 0026623137 (Teachers wraparound edition)
|
| 040 |
|
|
|a DLC
|c DLC
|d BD-DhAAL
|
| 050 |
0 |
0 |
|a N7430.5
|b .M57 1994
|
| 082 |
|
|
|a 701.1
|
| 100 |
1 |
|
|a Mittler, Gene A.
|9 11555
|
| 245 |
1 |
0 |
|a Art in focus /
|c Gene A. Mittler ; [drawings by Vernon Dargel].
|
| 250 |
|
|
|a 3rd ed.
|
| 260 |
|
|
|a New York :
|b Glencoe,
|c c1994.
|
| 300 |
|
|
|a 600 p. :
|b ill. (some col.) ;
|c 29 cm.
|
| 504 |
|
|
|a Includes bibliographical references (p. 465-468) and index.
|
| 541 |
|
|
|e 7044
|
| 650 |
|
0 |
|a Visual perception.
|9 11556
|
| 650 |
|
0 |
|a Art appreciation.
|9 11557
|
| 942 |
|
|
|2 ddc
|c BK
|
| 999 |
|
|
|c 34572
|d 34572
|
| 952 |
|
|
|0 0
|1 0
|2 ddc
|4 0
|6 701_100000000000000_MIT
|7 0
|9 53989
|a SCL
|b SCL
|c GEN
|d 2015-06-01
|e Gift: The Asia Foundation
|l 11
|m 34
|o 701.1 MIT
|p 3020007044
|r 2023-12-08
|s 2023-09-27
|t 1
|w 2015-06-01
|y BK
|